International semiconductor cooperation symposium '88

Na minha lista:
Detalhes bibliográficos
Formato: Livro
Idioma:Undetermined
Publicado em: Japan 1988
Assuntos:
Tags: Adicionar Tag
Sem tags, seja o primeiro a adicionar uma tag!
Thư viện lưu trữ: Trung tâm Học liệu Trường Đại học Cần Thơ
LEADER 00403nam a2200145Ia 4500
001 CTU_98452
008 210402s9999 xx 000 0 und d
082 |a 338 
082 |b I.61 
245 0 |a International semiconductor cooperation symposium '88 
260 |a Japan 
260 |c 1988 
650 |a Semiconductor industry 
904 |i Tuyến 
980 |a Trung tâm Học liệu Trường Đại học Cần Thơ